000
00309nam a22001337a 4500
008
181122b xxu||||| |||| 00| 0 eng d
020
_a
9780723610144
041
_a
eng
080
_a
616.31
100
_a
5
101
_a
STO
245
_a
Concise Illustrated Dental Dictionary
_c
Harty, F.J
942
_2
udc
_c
BK
999
_c
52401
_d
52401